| 000 | 00417pab a2200157 454500 | ||
|---|---|---|---|
| 008 | 180718b2008 xxu||||| |||| 00| 0 eng d | ||
| 100 | _aNeha Kumar | ||
| 245 | _aEnhancing the united states' first-strike capability with the development of ballistic missile defence | ||
| 260 | _c2008 | ||
| 300 | _ap.70-82. | ||
| 362 | _aAutumn | ||
| 650 | _aMissiles | ||
| 773 | _aWorld Affairs | ||
| 908 | _aN | ||
| 909 | _a80675 | ||
| 999 |
_c80675 _d80675 |
||